| 000 | 00585nam a2200193 u 4500 | ||
|---|---|---|---|
| 005 | 20240803063748.0 | ||
| 008 | 080220s2006 mx r 000 0 spa d | ||
| 020 | _a9704900023 | ||
| 035 | _aUPN01000154352 | ||
| 049 | _aCG | ||
| 050 | 4 |
_aPQ6656 E7.7 _bH5.7 |
|
| 100 | 1 | _aFerrer i Paradeda, Salvador | |
| 245 | 1 | 4 |
_aUna historia secuestrada / _cSalvador Ferrer i Paradeda. |
| 260 |
_aMéxico : _bFelou, _c2006. |
||
| 300 | _a295 p. | ||
| 650 | 4 |
_aNovela española _910814 |
|
| 651 | 4 |
_aMEXICO - _xHISTORIA - _yDESCUBRIMIENTO Y CONQUISTA, 1517-1521 - _vNOVELA _911527 |
|
| 905 | _aLibro | ||
| 999 |
_c126469 _d126469 |
||